Statistiques concernant Les Films de Jim Carrey

Cliquez ici pour prendre le quiz!

Statistiques générales

  • Ce quiz a été pris 301 fois
    (288 depuis la dernière actualisation)
  • Le résultat moyen est 9 sur 29

Statistiques - réponses

AnnéesFilms% Correct
1994The Mask
89%
1994Ace Ventura
76%
1998The Truman Show
74%
2003Bruce tout-puissant
61%
1997Menteur, menteur
60%
1994Dumb and Dumber
58%
2008Yes man
51%
2004Eternal Sunshine of the Spotless Mind
47%
1995Ace Ventura en Afrique
45%
2000Le Grinch
43%
2014Dumb and Dumber 2
32%
2000Fous d'Irène
32%
1995Batman Forever
30%
1999Man on the Moon
30%
2007Le nombre 23
29%
1996Disjoncté
26%
2013Kick-Ass 2
23%
2004Les Désastreuses Aventures des orphelins Baudelaire
20%
2011Mr Popper et ses pingouins
20%
2005Braqueurs amateurs
17%
2009I Love You Phillip Morris
15%
2009Le Drôle de Noël de Scrooge
13%
2001The Majestic
13%
1988La Dernière Cible
7%
1986Peggy Sue s'est mariée
6%
1998Simon Birch
5%
2013Légendes vivantes
3%
1988Objectif Terrienne
3%
2013The Incredible Burt Wonderstone
2%

Distribution des résultats

Percentile par nombre de réponses

% des personnes avec chaque résultat

Votre développement - résultats

Vous n’avez pas pris ce quiz depuis la dernière actualisation